[Event "OLNO 1718 TuS Makkabi Berlin - SK Koeni"]
[Site "?"]
[Date "2018.02.04"]
[Round "6.7"]
[White "Jaeger, Tobias"]
[Black "Schmidt, Jevgen"]
[Result "1-0"]
[WhiteElo "2110"]
[BlackElo "1832"]
[PlyCount "73"]
[EventDate "2018.??.??"]

1. d4 Nf6 2. c4 g6 3. Nc3 Bg7 4. Nf3 O-O 5. Bg5 h6 6. Bh4 d6 7. e3 Na6 8. Be2
c5 9. d5 Nc7 10. O-O g5 11. Bg3 Nh5 12. Nd2 Nxg3 13. hxg3 f5 14. g4 e5 15. gxf5
Bxf5 16. Nde4 Qd7 17. a3 b6 18. b4 Ne8 19. Bd3 Nf6 20. Qc2 cxb4 21. axb4 Rac8
22. Nxf6+ Rxf6 23. Bxf5 Qxf5 24. Qxf5 Rxf5 25. Ne4 Bf8 26. Rfc1 Rf7 27. b5 Rfc7
28. Ra4 Kf7 29. g4 Kg6 30. Kf1 h5 31. gxh5+ Kxh5 32. Ke2 Kg6 33. Kd3 Kf5 34.
Rh1 Be7 35. Rh6 Rd7 36. f3 Bf8 37. Rf6# 1-0

[Event "OLNO 1718 SK König Tegel II - TSG Neur"]
[Site "?"]
[Date "2018.02.25"]
[Round "7.1"]
[White "Schoene, Ralf"]
[Black "Berger, Steve"]
[Result "0-1"]
[WhiteElo "2267"]
[BlackElo "2425"]
[PlyCount "124"]
[EventDate "2018.??.??"]

1. d4 e6 2. c4 Nf6 3. Nc3 Bb4 4. e3 O-O 5. Nge2 d5 6. a3 Be7 7. cxd5 exd5 8. g3
Re8 9. Bg2 a5 10. O-O Na6 11. Nf4 c6 12. Nd3 Bf5 13. Ne5 Qc8 14. Bd2 Nc7 15.
Rc1 Bh3 16. Na4 Ra6 17. Nc5 Bxc5 18. Rxc5 Bxg2 19. Kxg2 Qa8 20. f3 Ne6 21. Rc2
a4 22. Bb4 Qc8 23. h4 Nd7 24. Nxd7 Qxd7 25. Qd3 Nc7 26. Rcf2 Na8 27. e4 Nb6 28.
e5 Nc4 29. f4 Qf5 30. Qxf5 Ne3+ 31. Kh3 Nxf5 32. Rd1 h5 33. Rd3 g6 34. Rc2 Kg7
35. Bc5 Ra5 36. Bb4 Rb5 37. Rc5 Rc8 38. Rxb5 cxb5 39. Rc3 Rc6 40. Rc5 Rxc5 41.
Bxc5 Ne3 42. Bb4 Nd1 43. Bc3 b4 44. Bxb4 Nxb2 45. Kg2 Nd3 46. Bc3 Kf8 47. Kf3
Ke7 48. Ke3 Nc1 49. Bb2 Nb3 50. f5 gxf5 51. Kf4 Ke6 52. Kg5 Nd2 53. Kxh5 Ne4
54. Bc1 Nxg3+ 55. Kg5 Ke7 56. h5 Kf8 57. h6 Kg8 58. Kf6 f4 59. Bxf4 Nh5+ 60.
Kf5 Nxf4 61. Kxf4 b5 62. Kf5 b4 0-1

[Event "OLNO 1718 SK König Tegel II - TSG Neur"]
[Site "?"]
[Date "2018.02.25"]
[Round "7.2"]
[White "Dimitrijeski, Boris"]
[Black "Heuer, Thomas"]
[Result "1/2-1/2"]
[WhiteElo "2261"]
[BlackElo "2109"]
[PlyCount "83"]
[EventDate "2018.??.??"]

1. d4 d5 2. c4 e6 3. Nc3 Be7 4. cxd5 exd5 5. Bf4 c6 6. Qc2 g6 7. e3 Bf5 8. Qd2
Nd7 9. f3 Ngf6 10. g4 Be6 11. h4 Qa5 12. a3 h5 13. g5 Nh7 14. Bd3 O-O 15. Qc2
Kg7 16. Nge2 Rfc8 17. O-O Nhf8 18. Bg3 c5 19. Nf4 cxd4 20. exd4 Qb6 21. Qf2 Bd6
22. Rad1 Bxa3 23. Nfxd5 Bxd5 24. Nxd5 Qxb2 25. Nc7 Rxc7 26. Bxc7 Ne6 27. Rd2
Qxd4 28. Qxd4+ Nxd4 29. Be4 Rc8 30. Ba5 Rc4 31. Kg2 Nc5 32. Rxd4 Rxd4 33. Bc3
Ne6 34. Bxb7 f6 35. gxf6+ Kxf6 36. Bc8 Nf4+ 37. Kf2 Bc5 38. Bxd4+ Bxd4+ 39. Kg3
Ne2+ 40. Kh3 Nf4+ 41. Kg3 Ne2+ 42. Kh3 1/2-1/2

[Event "OLNO 1718 SK König Tegel II - TSG Neur"]
[Site "?"]
[Date "2018.02.25"]
[Round "7.3"]
[White "Simon, Ralf-Axel"]
[Black "Lorenz, Sascha"]
[Result "0-1"]
[WhiteElo "2149"]
[BlackElo "2233"]
[PlyCount "96"]
[EventDate "2018.??.??"]

1. Nf3 f5 2. c4 Nf6 3. Nc3 e6 4. Qc2 b6 5. e4 fxe4 6. Nxe4 Bb7 7. Bd3 Na6 8.
Neg5 Nb4 9. Bg6+ hxg6 10. Qxg6+ Ke7 11. a3 Bxf3 12. gxf3 Nc6 13. Nf7 Rh6 14.
Nxh6 gxh6 15. b3 d5 16. Bb2 d4 17. O-O-O Ne5 18. Qc2 c5 19. f4 Nc6 20. Rde1 Qd6
21. f5 e5 22. d3 Kd7 23. f4 Re8 24. fxe5 Nxe5 25. b4 cxb4 26. axb4 Qxb4 27. Re2
Bc5 28. Rhe1 Nfg4 29. Re4 Nf3 30. Rxe8 Nxe1 31. Qe2 Nxd3+ 32. Qxd3 Kxe8 33.
Qe4+ Kf8 34. Qxg4 Qxc4+ 35. Kb1 Qf7 36. Qf4 Qf6 37. Qb8+ Kg7 38. Qxa7+ Qf7 39.
f6+ Kxf6 40. Qb8 Qe6 41. Bc1 Kg6 42. Qh8 Kh5 43. Kb2 Bd6 44. Qa8 Qe2+ 45. Kb1
Qb5+ 46. Kc2 d3+ 47. Kd1 Qb3+ 48. Ke1 Qe6+ 0-1

[Event "OLNO 1718 SK König Tegel II - TSG Neur"]
[Site "?"]
[Date "2018.02.25"]
[Round "7.4"]
[White "Dimitrijeski, Kristian"]
[Black "Gropp, Andreas"]
[Result "1-0"]
[WhiteElo "2174"]
[BlackElo "2157"]
[PlyCount "133"]
[EventDate "2018.??.??"]

1. d4 f5 2. g3 Nf6 3. Bg2 e6 4. Nf3 d5 5. O-O Bd6 6. c4 c6 7. Nc3 O-O 8. Qc2
Qe8 9. Rb1 Nbd7 10. b4 Qh5 11. b5 Ne4 12. bxc6 bxc6 13. cxd5 cxd5 14. Nxe4 fxe4
15. Qc6 exf3 16. Bxf3 Qg6 17. Rb3 Ba6 18. Qxa6 Nb6 19. Rc3 Bb4 20. Rc7 Rf7 21.
Rxf7 Qxf7 22. Bf4 Rc8 23. Rc1 Rxc1+ 24. Bxc1 Bd6 25. Ba3 Bxa3 26. Qxa3 Qc7 27.
Bg4 Kf7 28. Qf3+ Ke7 29. Qe3 Qd6 30. Qg5+ Kf8 31. Qh5 Nd7 32. Qxh7 Nf6 33. Qh8+
Kf7 34. Bh5+ g6 35. Bf3 Qb6 36. Qc8 g5 37. h3 Qxd4 38. Qb7+ Kg6 39. Qb1+ Kg7
40. e3 Qc5 41. a4 Qb6 42. Qc2 Qa5 43. Kg2 Qb6 44. Qc3 Qd6 45. Qd4 Qc7 46. Qb4
Kf7 47. a5 Ke8 48. a6 Nd7 49. Qd4 Ne5 50. Be2 Kd8 51. Qb4 Nd7 52. h4 Qe5 53.
hxg5 Qxg5 54. Qd6 Qe5 55. Qb4 Qe4+ 56. Qxe4 dxe4 57. Kh3 Ke7 58. Kg4 Kf6 59.
Kh5 Nc5 60. Kh6 e5 61. g4 Ne6 62. Bd1 Ng5 63. Bb3 Nh3 64. Bc4 Nxf2 65. g5+ Ke7
66. Be2 Nd3 67. g6 1-0

[Event "OLNO 1718 SK König Tegel II - TSG Neur"]
[Site "?"]
[Date "2018.02.25"]
[Round "7.5"]
[White "Germann, Heike"]
[Black "Anibar, Ahmed"]
[Result "1/2-1/2"]
[WhiteElo "2050"]
[BlackElo "2288"]
[PlyCount "51"]
[EventDate "2018.??.??"]

1. d4 Nf6 2. c4 g6 3. Nc3 Bg7 4. e4 O-O 5. f4 c6 6. Nf3 d5 7. e5 Ne4 8. Bd3 f5
9. exf6 exf6 10. O-O f5 11. Ne5 Be6 12. cxd5 cxd5 13. Be3 Nc6 14. Qe2 Rc8 15.
Rac1 Nxe5 16. fxe5 Qa5 17. Rfd1 a6 18. Bxe4 fxe4 19. Bg5 Rf7 20. Rf1 Rcf8 21.
Rxf7 Rxf7 22. Rf1 Rxf1+ 23. Qxf1 Qb4 24. Qf2 Qc4 25. h3 b5 26. a3 1/2-1/2

[Event "OLNO 1718 SK König Tegel II - TSG Neur"]
[Site "?"]
[Date "2018.02.25"]
[Round "7.6"]
[White "Niehaus, Frank"]
[Black "Schuckar, Donald"]
[Result "1-0"]
[WhiteElo "2170"]
[BlackElo "1983"]
[PlyCount "109"]
[EventDate "2018.??.??"]

1. e4 d6 2. d4 g6 3. Nc3 Bg7 4. f4 f5 5. Nf3 Nh6 6. e5 O-O 7. Bc4+ e6 8. O-O d5
9. Bd3 Nc6 10. Ne2 Nb4 11. a3 Nxd3 12. Qxd3 b6 13. b3 Re8 14. Bb2 Bf8 15. Rfd1
Be7 16. Rac1 a5 17. c4 Ba6 18. Qd2 dxc4 19. bxc4 Nf7 20. d5 Bc5+ 21. Kh1 Qe7
22. Ned4 Nd8 23. Nb3 Bb7 24. d6 Qd7 25. Nxc5 bxc5 26. Bc3 Bxf3 27. gxf3 Nb7 28.
Rb1 Qc6 29. Kg2 Ra6 30. dxc7 Qxc7 31. Qd7 Re7 32. Qb5 Ra8 33. Be1 g5 34. Qb6
gxf4 35. Qxc7 Rxc7 36. Bd2 Rd8 37. Bxf4 Rxd1 38. Rxd1 Kf7 39. Kf2 Ke8 40. Rb1
a4 41. Rb6 Kd7 42. Ra6 Rc6 43. Rxa4 Rb6 44. Bd2 Rb3 45. Ra8 Nd8 46. Ra7+ Rb7
47. Rxb7+ Nxb7 48. Kg3 Nd8 49. a4 Nc6 50. Bc3 Nb4 51. Kf4 Kc6 52. Bxb4 cxb4 53.
Ke3 b3 54. Kd2 Kc5 55. a5 1-0

[Event "OLNO 1718 SK König Tegel II - TSG Neur"]
[Site "?"]
[Date "2018.02.25"]
[Round "7.8"]
[White "Jaeger, Tobias"]
[Black "Wagner, Richard"]
[Result "1-0"]
[WhiteElo "2110"]
[BlackElo "1789"]
[PlyCount "27"]
[EventDate "2018.??.??"]

1. e4 c5 2. Nf3 e6 3. g3 Nc6 4. Bg2 Qc7 5. O-O Nf6 6. Re1 d6 7. c3 e5 8. d4
cxd4 9. cxd4 Bg4 10. d5 Nd4 11. Nc3 Qb6 12. Be3 Nxf3+ 13. Bxf3 Bxf3 14. Qa4+
1-0

[Event "OLNO 1718 SV Empor Berlin - TuS Makkabi"]
[Site "?"]
[Date "2018.02.25"]
[Round "7.1"]
[White "Sawlin, Leonid"]
[Black "Foerster, Jonas"]
[Result "1-0"]
[WhiteElo "2351"]
[BlackElo "2282"]
[PlyCount "51"]
[EventDate "2018.??.??"]

1. e4 e6 2. d4 b6 3. Nf3 Bb7 4. Bd3 c5 5. c3 Nf6 6. Qe2 d5 7. e5 Nfd7 8. Na3 a6
9. Ng5 g6 10. h4 Bg7 11. h5 cxd4 12. hxg6 hxg6 13. Rxh8+ Bxh8 14. Nxe6 Qe7 15.
Nc7+ Kd8 16. Nxa8 dxc3 17. Nxb6 Nxe5 18. Kf1 Qh4 19. Kg1 cxb2 20. Bxb2 Ng4 21.
Qd2 d4 22. Qf4 Be5 23. Qxf7 Bf6 24. Qf8+ Kc7 25. Rc1+ Bc6 26. Qc8+ 1-0

[Event "OLNO 1718 SV Empor Berlin - TuS Makkabi"]
[Site "?"]
[Date "2018.02.25"]
[Round "7.2"]
[White "Szajbely, Zsigmond"]
[Black "Kiesekamp, Marcos"]
[Result "1-0"]
[WhiteElo "2282"]
[BlackElo "2324"]
[PlyCount "81"]
[EventDate "2018.??.??"]

1. e4 e5 2. Nf3 Nc6 3. Bb5 a6 4. Bxc6 dxc6 5. O-O Bg4 6. h3 h5 7. d3 Qf6 8.
Nbd2 Ne7 9. Re1 Ng6 10. d4 Nf4 11. dxe5 Qg6 12. Nh4 Bxd1 13. Nxg6 Nxg6 14. Rxd1
O-O-O 15. Rf1 Nxe5 16. f4 Bc5+ 17. Kh2 Ng6 18. Nb3 Bb6 19. Bd2 Bd4 20. c3 Ba7
21. Rae1 Rd3 22. Re2 Rhd8 23. c4 f6 24. Rf3 Rxf3 25. gxf3 Bd4 26. Nxd4 Rxd4 27.
b3 c5 28. Kg3 b5 29. cxb5 axb5 30. Be3 Rd3 31. Bxc5 Kd7 32. Rc2 c6 33. Bb4 Rd1
34. Bc5 Kc7 35. a4 bxa4 36. bxa4 Ra1 37. Rc4 Ra2 38. h4 Kd7 39. Rd4+ Ke8 40.
Bb6 Ne7 41. f5 1-0

[Event "OLNO 1718 SV Empor Berlin - TuS Makkabi"]
[Site "?"]
[Date "2018.02.25"]
[Round "7.3"]
[White "Gazmaga, Stefan"]
[Black "Urban, Julian"]
[Result "0-1"]
[WhiteElo "2148"]
[BlackElo "2240"]
[PlyCount "120"]
[EventDate "2018.??.??"]

1. c4 b6 2. d4 Bb7 3. Nc3 e6 4. a3 f5 5. Nf3 Nf6 6. g3 Be7 7. Bg2 O-O 8. O-O
Ne4 9. Nxe4 Bxe4 10. Bf4 d6 11. b4 Nd7 12. Qb3 Bf6 13. Rad1 Qe7 14. Ne1 Bxg2
15. Nxg2 a5 16. c5 bxc5 17. dxc5 d5 18. c6 Nb6 19. Be3 Rfb8 20. Bc5 Qe8 21. b5
Nc4 22. a4 Be7 23. Bxe7 Qxe7 24. Ne3 Nb6 25. Ra1 Rf8 26. f4 Rfd8 27. Rfd1 g5
28. Qc3 gxf4 29. gxf4 Qg7+ 30. Qxg7+ Kxg7 31. Kf2 Kf6 32. Nc2 Rg8 33. Rg1 Rxg1
34. Kxg1 Rg8+ 35. Kf2 e5 36. fxe5+ Kxe5 37. e3 Rg4 38. Nd4 f4 39. Nf3+ Kd6 40.
Nd4 fxe3+ 41. Kxe3 Nc4+ 42. Kd3 Rg2 43. Rc1 Nb2+ 44. Ke3 Rxh2 45. Kf3 Nxa4 46.
Ra1 Nb6 47. Rxa5 Ke5 48. Ne2 Rh3+ 49. Ng3 Rh6 50. Ra7 Rf6+ 51. Kg4 Rf4+ 52. Kg5
Rf7 53. Ra1 Kd6 54. Nf5+ Kc5 55. Rb1 Nc4 56. Rb3 Nd2 57. Rc3+ Kxb5 58. Nd6+ Kb6
59. Rd3 cxd6 60. Rxd2 Kxc6 0-1

[Event "OLNO 1718 SV Empor Berlin - TuS Makkabi"]
[Site "?"]
[Date "2018.02.25"]
[Round "7.4"]
[White "Meissner, Hans-Juergen"]
[Black "Krefenstein, Sergej"]
[Result "1/2-1/2"]
[WhiteElo "2266"]
[BlackElo "2136"]
[PlyCount "106"]
[EventDate "2018.??.??"]

1. d4 Nf6 2. Nf3 g6 3. c4 Bg7 4. Nc3 d5 5. cxd5 Nxd5 6. Bg5 c5 7. Rc1 Nxc3 8.
bxc3 O-O 9. Qd2 Bg4 10. e3 Bxf3 11. gxf3 Nc6 12. Be2 Qd7 13. h4 Rad8 14. Qb2 h6
15. Bf4 e5 16. dxe5 Nxe5 17. Bxe5 Bxe5 18. f4 Bf6 19. h5 Qd5 20. Rg1 g5 21.
fxg5 hxg5 22. Qc2 Kh8 23. c4 Qe5 24. Bf3 Rd7 25. Ke2 Rfd8 26. Rgd1 Rxd1 27.
Rxd1 Rxd1 28. Kxd1 b6 29. Ke2 Kg7 30. a4 Qb2 31. Qxb2 Bxb2 32. Kd3 f5 33. Bc6
Kh6 34. Bd7 Kxh5 35. Bxf5 g4 36. Bd7 Kg5 37. Bc8 Ba3 38. Ke2 Bb2 39. Kd2 Ba3
40. Bd7 Bb4+ 41. Kd3 Be1 42. Ke2 Bc3 43. Kf1 Bb2 44. Kg2 Bc3 45. Bc8 Bf6 46.
Kg3 Be5+ 47. f4+ gxf3+ 48. Kxf3 Bb2 49. Ke4 Bc1 50. Kd5 Bxe3 51. Kc6 Bd2 52.
Kb7 Kf4 53. Kxa7 Ba5 1/2-1/2

[Event "OLNO 1718 SV Empor Berlin - TuS Makkabi"]
[Site "?"]
[Date "2018.02.25"]
[Round "7.5"]
[White "Sawlin, Michail"]
[Black "Sulayev, Daniel"]
[Result "1-0"]
[WhiteElo "2172"]
[BlackElo "2057"]
[PlyCount "119"]
[EventDate "2018.??.??"]

1. e4 c5 2. Nf3 Nc6 3. d4 cxd4 4. Nxd4 Nf6 5. Nc3 e5 6. Ndb5 d6 7. Bg5 a6 8.
Na3 b5 9. Nd5 Be7 10. Bxf6 Bxf6 11. c4 b4 12. Nc2 Rb8 13. b3 Bg5 14. Bd3 O-O
15. O-O a5 16. a3 Be6 17. axb4 Bxd5 18. cxd5 Nxb4 19. Nxb4 Rxb4 20. Bc4 Qb6 21.
Qd3 Ra8 22. g3 h6 23. Kg2 a4 24. Ra3 Rc8 25. Rxa4 Rxa4 26. bxa4 Qb4 27. Bb5 Rc3
28. Qe2 Qb3 29. Bd7 Qb4 30. h4 Bd8 31. h5 Rc4 32. Rb1 Qxb1 33. Qxc4 Qb7 34. Bf5
Ba5 35. Kf3 Kf8 36. Bh3 Ke7 37. Bf5 Kf8 38. Kg2 Ke7 39. Qc2 Qc7 40. Qe2 Qb7 41.
Qc4 Kd8 42. Bg4 Bb4 43. Bc8 Qb6 44. Ba6 Bc5 45. Qe2 Bxf2 46. a5 Qa7 47. Qxf2
Qxa6 48. Qxf7 Qe2+ 49. Kh3 Qxe4 50. Qf8+ Kd7 51. Qxg7+ Kd8 52. Qf8+ Kd7 53.
Qf7+ Kd8 54. Qf6+ Kd7 55. Qe6+ Kc7 56. Qe7+ Kc8 57. Qe8+ Kb7 58. Qc6+ Ka7 59.
Qb6+ Ka8 60. Qa6+ 1-0

[Event "OLNO 1718 SV Empor Berlin - TuS Makkabi"]
[Site "?"]
[Date "2018.02.25"]
[Round "7.6"]
[White "Welz, Peter"]
[Black "Emig, Edgar"]
[Result "0-1"]
[WhiteElo "2023"]
[BlackElo "2139"]
[PlyCount "136"]
[EventDate "2018.??.??"]

1. f4 d5 2. Nf3 Nf6 3. g3 c5 4. Bg2 Nc6 5. O-O g6 6. d3 Bg7 7. Nc3 Bf5 8. Nh4
Qd7 9. Nxf5 gxf5 10. e4 dxe4 11. dxe4 Nxe4 12. Nxe4 fxe4 13. Qxd7+ Kxd7 14.
Bxe4 h5 15. c3 Kc7 16. Be3 b6 17. Rad1 Rad8 18. Kg2 Bf6 19. Rxd8 Nxd8 20. Rd1
e6 21. b4 c4 22. Bd4 Bxd4 23. Rxd4 b5 24. Kh3 f6 25. a4 a6 26. a5 Nf7 27. Kh4
Nd6 28. Bc2 Rh6 29. Rd2 Kd7 30. Bd1 Ke7 31. Bf3 Nf5+ 32. Kh3 Nd6 33. Bc6 e5 34.
Re2 Ke6 35. Bf3 Rh7 36. Kg2 Kf5 37. Rd2 Ke6 38. Bd5+ Kf5 39. Bg8 Rd7 40. Bh7+
Ke6 41. Bg6 Rg7 42. Bxh5 exf4 43. Bf3 Nf5 44. g4 Ne3+ 45. Kf2 Nxg4+ 46. Bxg4+
Rxg4 47. Rd8 Rh4 48. Ra8 Rxh2+ 49. Kf3 Kf5 50. Rxa6 Rh3+ 51. Kf2 Rxc3 52. Rb6
Ke4 53. Rxb5 Rc2+ 54. Kg1 Ke3 55. Rb6 Rc1+ 56. Kh2 f5 57. Re6+ Kf2 58. a6 c3
59. b5 Ra1 60. Rc6 Ra3 61. Rc7 f3 62. a7 Ra4 63. Kh3 Kg1 64. Rg7+ Kf1 65. b6 c2
66. Rc7 f2 67. Rxc2 Ke1 68. Rxf2 Kxf2 0-1

[Event "OLNO 1718 SV Empor Berlin - TuS Makkabi"]
[Site "?"]
[Date "2018.02.25"]
[Round "7.7"]
[White "Gorodetski, Grigori"]
[Black "Silz, Elisa"]
[Result "1/2-1/2"]
[WhiteElo "1890"]
[BlackElo "1998"]
[PlyCount "47"]
[EventDate "2018.??.??"]

1. d4 Nf6 2. Bg5 Ne4 3. Bh4 d5 4. f3 g5 5. fxe4 gxh4 6. e5 Bf5 7. Nf3 e6 8. e3
Bh6 9. Bd3 Bxe3 10. Bxf5 exf5 11. Qe2 f4 12. Nbd2 Nc6 13. c3 Rg8 14. Nf1 Qe7
15. Nxe3 fxe3 16. O-O-O O-O-O 17. Rhg1 f6 18. Qxe3 fxe5 19. dxe5 Rg4 20. Qd3
Re4 21. Rge1 Nxe5 22. Nxe5 Rxe5 23. Rxe5 Qxe5 24. Qh3+ {(=)} 1/2-1/2

[Event "OLNO 1718 SV Empor Berlin - TuS Makkabi"]
[Site "?"]
[Date "2018.02.25"]
[Round "7.8"]
[White "Nitsche, Nikolai"]
[Black "Schmidt, Jevgen"]
[Result "1/2-1/2"]
[WhiteElo "1777"]
[BlackElo "1832"]
[PlyCount "102"]
[EventDate "2018.??.??"]

1. e4 d6 2. d4 Nf6 3. Bd3 e5 4. Nf3 Bg4 5. c3 Nc6 6. Be3 Be7 7. d5 Nb8 8. Qb3
Qc8 9. c4 O-O 10. Nc3 c6 11. h3 Bh5 12. g4 Bg6 13. Nh4 cxd5 14. cxd5 Nbd7 15.
Nf5 Re8 16. h4 h5 17. Nxe7+ Rxe7 18. g5 Ne8 19. O-O-O Nc5 20. Qc2 b5 21. Bxc5
Qxc5 22. Nxb5 Qb6 23. Nc3 Rc8 24. Kb1 Rec7 25. Ka1 Rb7 26. Qd2 Nc7 27. Rc1 Rcb8
28. Na4 Qb4 29. Qxb4 Rxb4 30. Rxc7 Rxa4 31. f3 Rd4 32. Rd1 f5 33. gxf6 gxf6 34.
Rxa7 Rc8 35. a3 Be8 36. Rg1+ Kh8 37. Ba6 Rb8 38. Bb7 Rd3 39. Bc6 Rxf3 40. Bxe8
Rxe8 41. Rgg7 Rf1+ 42. Ka2 Rf4 43. Rh7+ Kg8 44. Rag7+ Kf8 45. Rd7 Kg8 46. Rxh5
Rxe4 47. Rxd6 Rf4 48. Rc6 e4 49. d6 Rd8 50. Rd5 Rxh4 51. d7 Kf7 1/2-1/2

[Event "OLNO 1718 SC Weisse Dame - LOK RAW Cott"]
[Site "?"]
[Date "2018.02.25"]
[Round "7.1"]
[White "Kapp, Martin"]
[Black "Waldmann, Hans-Joachim"]
[Result "0-1"]
[WhiteElo "2245"]
[BlackElo "2275"]
[PlyCount "118"]
[EventDate "2018.??.??"]

1. d4 Nf6 2. c4 e6 3. Nf3 d5 4. Nc3 Be7 5. Bg5 O-O 6. e3 Nbd7 7. cxd5 Nxd5 8.
Bxe7 Qxe7 9. Bd3 Nxc3 10. bxc3 c5 11. O-O b6 12. e4 Bb7 13. a4 Rac8 14. a5 b5
15. a6 Ba8 16. Qe2 c4 17. Bc2 b4 18. cxb4 Qxb4 19. Rfb1 Qd6 20. Qe3 Nb6 21. Ng5
h6 22. e5 Qe7 23. Ne4 Nd5 24. Qe1 Rc7 25. Ra5 Qh4 26. Rab5 Rcc8 27. g3 Qh3 28.
Qf1 Qg4 29. f3 Qh5 30. Qf2 Rcd8 31. Rc5 Nb6 32. Rc7 Rd7 33. Rxd7 Nxd7 34. Kg2
f6 35. g4 Qe8 36. Nd6 Qe7 37. Nb7 fxe5 38. Qe3 exd4 39. Qxd4 Nf6 40. Be4 Nxe4
41. Qxe4 Rc8 42. h4 c3 43. h5 Kh8 44. Rc1 Qf6 45. Qe3 c2 46. Qe4 Qb2 47. Qxe6
Bxb7 48. axb7 Qxb7 49. g5 Rf8 50. Qe3 hxg5 51. h6 gxh6 52. Rxc2 Qg7 53. Ra2 Rf7
54. Qe8+ Kh7 55. Ra6 Qb2+ 56. Kh1 Qc1+ 57. Kg2 Qd2+ 58. Kh1 Qd1+ 59. Kh2 Qxf3
0-1

[Event "OLNO 1718 SC Weisse Dame - LOK RAW Cott"]
[Site "?"]
[Date "2018.02.25"]
[Round "7.2"]
[White "Moeller, Hendrik"]
[Black "Manigk, Sebastian"]
[Result "1/2-1/2"]
[WhiteElo "2269"]
[BlackElo "2246"]
[PlyCount "48"]
[EventDate "2018.??.??"]

1. Nf3 d5 2. c4 d4 3. g3 Nc6 4. Bg2 e5 5. d3 Bb4+ 6. Bd2 a5 7. O-O Nf6 8. e3
O-O 9. exd4 exd4 10. Na3 Bf5 11. Bf4 Bd6 12. Bxd6 Qxd6 13. Nb5 Qd7 14. Qd2 Rfd8
15. Rfe1 h6 16. Rad1 Rac8 17. Qf4 Bg4 18. a3 Qf5 19. Qxf5 Bxf5 20. Rd2 Bg4 21.
h3 Be6 22. Rb1 a4 23. Kh2 Rd7 24. Re1 Re8 1/2-1/2

[Event "OLNO 1718 SC Weisse Dame - LOK RAW Cott"]
[Site "?"]
[Date "2018.02.25"]
[Round "7.3"]
[White "Pfeffer, Ruprecht"]
[Black "Hansen, Kay"]
[Result "0-1"]
[WhiteElo "2248"]
[BlackElo "2115"]
[PlyCount "82"]
[EventDate "2018.??.??"]

1. e4 c6 2. d4 d5 3. f3 e6 4. Nc3 Bb4 5. Bf4 Nf6 6. Qd3 b6 7. Nge2 Ba6 8. Qe3
Bxc3+ 9. Nxc3 Bxf1 10. Rxf1 b5 11. Bg5 Qa5 12. Bxf6 gxf6 13. Qf4 Nd7 14. Qd6
Rc8 15. a3 Qc7 16. Qxc7 Rxc7 17. exd5 cxd5 18. Nxb5 Rxc2 19. Rf2 Rxf2 20. Kxf2
a5 21. Rc1 Ke7 22. Rc7 a4 23. Na7 Ra8 24. Nc8+ Ke8 25. Nd6+ Kd8 26. Rb7 Ke7 27.
Nb5 Rc8 28. Nc3 Rc4 29. Ke3 Ke8 30. Kd3 e5 31. Nb5 Rxd4+ 32. Ke2 Rh4 33. Nc7+
Ke7 34. Nxd5+ Kd6 35. Ne3 Rxh2 36. Ra7 Nb6 37. Rxf7 Nd5 38. Nxd5 Kxd5 39. Kf2
Ke6 40. Kg3 Rxg2+ 41. Kxg2 Kxf7 0-1

[Event "OLNO 1718 SC Weisse Dame - LOK RAW Cott"]
[Site "?"]
[Date "2018.02.25"]
[Round "7.4"]
[White "Uhl, Heinz"]
[Black "Kunze, Kerstin"]
[Result "1-0"]
[WhiteElo "2145"]
[BlackElo "2099"]
[PlyCount "81"]
[EventDate "2018.??.??"]

1. c4 Nf6 2. Nc3 d6 3. g3 e5 4. Bg2 Be7 5. Nf3 O-O 6. O-O Nbd7 7. b3 c6 8. Bb2
Re8 9. Qc2 Qc7 10. d4 Rb8 11. Rad1 b5 12. c5 d5 13. dxe5 Ng4 14. e4 b4 15. exd5
bxc3 16. d6 Qa5 17. Bxc3 Qxc5 18. dxe7 Ngxe5 19. Nxe5 Nxe5 20. Rd8 Bg4 21. Rxb8
Rxb8 22. Re1 f6 23. Bxe5 Qxc2 24. Bxb8 Bd7 25. e8=Q+ Bxe8 26. Rxe8+ Kf7 27. Re3
Qb1+ 28. Bf1 Qxa2 29. Bc4+ Kg6 30. h4 Qa1+ 31. Kg2 Qd4 32. Bc7 Qc5 33. Bd3+ Kf7
34. Bc4+ Kg6 35. Bf4 a5 36. Kf3 Qh5+ 37. Kg2 Qc5 38. Rc3 Qd4 39. Rf3 a4 40. Kh3
a3 41. h5+ 1-0

[Event "OLNO 1718 SC Weisse Dame - LOK RAW Cott"]
[Site "?"]
[Date "2018.02.25"]
[Round "7.5"]
[White "Franzke, Alexander"]
[Black "Abraham, Ingo"]
[Result "1/2-1/2"]
[WhiteElo "2027"]
[BlackElo "2217"]
[PlyCount "109"]
[EventDate "2018.??.??"]

1. d4 d5 2. Bf4 Nf6 3. e3 c5 4. Nc3 a6 5. dxc5 e6 6. Na4 Nbd7 7. b4 Be7 8. c3
O-O 9. Nf3 Nh5 10. Be5 Nxe5 11. Nxe5 Bf6 12. Ng4 Bd7 13. Rc1 Bxa4 14. Nxf6+
Nxf6 15. Qxa4 a5 16. Qb3 Qc7 17. Bb5 Rfc8 18. h3 b6 19. c6 Ne4 20. a4 Qe5 21.
Qc2 Rc7 22. O-O Nd6 23. Qd3 Nf5 24. Rfe1 Ne7 25. bxa5 bxa5 26. c4 Nxc6 27. Bxc6
Rxc6 28. cxd5 Rd6 29. e4 exd5 30. Qb5 h6 31. Rc5 Qe8 32. Rxd5 Qxb5 33. axb5 Rb6
34. Ra1 a4 35. Ra3 Ra5 36. f3 g6 37. h4 h5 38. Kf2 Kg7 39. Ke3 Rbxb5 40. Rxb5
Rxb5 41. Rxa4 Rb2 42. g3 Rg2 43. Kf4 Rg1 44. Ra5 Rg2 45. Rg5 Rg1 46. Ke3 Ra1
47. g4 hxg4 48. Rxg4 Rh1 49. Kf4 Rh3 50. Ke3 Rh2 51. e5 Kf8 52. Kf4 Rh3 53. Ke4
Ke7 54. Rf4 Ke6 55. Rf6+ 1/2-1/2

[Event "OLNO 1718 SC Weisse Dame - LOK RAW Cott"]
[Site "?"]
[Date "2018.02.25"]
[Round "7.6"]
[White "Venske, Kai-Gerrit"]
[Black "Kirst, Julia"]
[Result "1-0"]
[WhiteElo "2175"]
[BlackElo "1954"]
[PlyCount "85"]
[EventDate "2018.??.??"]

1. d4 Nf6 2. Bg5 Ne4 3. Bf4 d5 4. f3 Nf6 5. e4 dxe4 6. Nc3 e3 7. Bc4 g6 8. Qd3
Bg7 9. Qxe3 O-O 10. O-O-O c6 11. d5 Qb6 12. Qxb6 axb6 13. Nge2 cxd5 14. Nxd5
Nxd5 15. Bxd5 Nc6 16. Kb1 b5 17. Rhe1 Ra6 18. h3 e5 19. Be3 Ne7 20. Bc5 Re8 21.
Bb3 Nc6 22. Nc3 b6 23. Be3 Na5 24. Nxb5 Nxb3 25. Nc7 Nc5 26. Nxe8 Be6 27. a3
Ra7 28. Rd8 Bf8 29. Bxc5 bxc5 30. Rxe5 c4 31. Re3 h6 32. g4 Kh7 33. Nf6+ Kg7
34. Ne8+ Kh7 35. Nf6+ Kg7 36. Ne4 Be7 37. Re8 Rd7 38. Nc3 Bg5 39. Re2 Rd4 40.
a4 Rf4 41. a5 Rxf3 42. a6 Be3 43. Rxe3 1-0

[Event "OLNO 1718 SC Weisse Dame - LOK RAW Cott"]
[Site "?"]
[Date "2018.02.25"]
[Round "7.7"]
[White "Lehmann, Alexander"]
[Black "Kaiser, Martin"]
[Result "1-0"]
[WhiteElo "1967"]
[BlackElo "2145"]
[PlyCount "43"]
[EventDate "2018.??.??"]

1. e4 c5 2. c3 d5 3. exd5 Qxd5 4. d4 Nf6 5. Nf3 e6 6. Bd3 Be7 7. O-O O-O 8. c4
Qd8 9. dxc5 Bxc5 10. Nc3 Nc6 11. a3 a5 12. Bg5 Be7 13. Qc2 h6 14. Bf4 Nh5 15.
Be3 f5 16. Rad1 Qc7 17. Nb5 Qb8 18. Bb6 Qf4 19. h3 Ra6 20. Bc7 e5 21. Qe2 Bf6
22. Nc3 1-0

[Event "OLNO 1718 SC Weisse Dame - LOK RAW Cott"]
[Site "?"]
[Date "2018.02.25"]
[Round "7.8"]
[White "Mohrmann, Ralf"]
[Black "Hering, Sven"]
[Result "1-0"]
[WhiteElo "2045"]
[BlackElo "1988"]
[PlyCount "83"]
[EventDate "2018.??.??"]

1. d4 d5 2. Nf3 Nf6 3. g3 c5 4. Bg2 Nc6 5. e3 Bf5 6. O-O e6 7. c4 Nb4 8. Ne1
Be7 9. Nc3 Ne4 10. a3 Nxc3 11. bxc3 Nc6 12. cxd5 exd5 13. Nd3 Qa5 14. Nf4 cxd4
15. cxd4 Be4 16. Qb3 O-O 17. Nxd5 Bxg2 18. Kxg2 Bd6 19. Rd1 Rad8 20. Bd2 Qa6
21. Nb4 Qb5 22. Rab1 Na5 23. Qd3 Qh5 24. Nc2 Rc8 25. e4 Rfd8 26. f3 b6 27. Rb5
Bc5 28. Bxa5 bxa5 29. Qe2 Qg6 30. Rxc5 Qb6 31. Rxc8 Rxc8 32. Ne3 Qb3 33. Rd3
Qb1 34. d5 h5 35. d6 Qb5 36. d7 Rd8 37. Qd2 Kf8 38. Rd5 Qb7 39. Qd4 f6 40. Nf5
Qb6 41. e5 Qxd4 42. Nxd4 1-0

[Event "OLNO 1718 TSG Oberschöneweide - FHSH St"]
[Site "?"]
[Date "2018.02.25"]
[Round "7.1"]
[White "Lang, Henry"]
[Black "Rosenthal, Dirk"]
[Result "0-1"]
[WhiteElo "1987"]
[BlackElo "2410"]
[PlyCount "72"]
[EventDate "2018.??.??"]

1. Nf3 d5 2. d4 e6 3. Bf4 Nf6 4. e3 Bd6 5. Bg5 Nbd7 6. c4 c6 7. Nc3 h6 8. Bh4
O-O 9. Bd3 Re8 10. O-O b6 11. e4 dxe4 12. Nxe4 Be7 13. Qe2 Bb7 14. Bg3 Nh5 15.
Rfd1 Nxg3 16. Nxg3 Qc7 17. Rac1 Rad8 18. a3 c5 19. Be4 cxd4 20. Bxb7 Qxb7 21.
Nxd4 Nc5 22. b4 Rxd4 23. Rxd4 Nb3 24. Rcd1 Nxd4 25. Rxd4 a5 26. Qd2 axb4 27.
axb4 Ra8 28. Rd7 Qc8 29. Rd4 Ra1+ 30. Nf1 Qa6 31. Qd3 Qa2 32. c5 bxc5 33. bxc5
Rc1 34. Rb4 f5 35. Rb8+ Kh7 36. Qb3 Qe2 0-1